NCAA College Basketball Team Locations - Statistics

General Stats
  • This quiz has been taken 1,085 times
    245 since last reset
  • The average score is 157 of 364
Answer Stats
College/University Campus Location (City) % Correct
Akron Zips Akron, OH
93%
Alabama Crimson Tide Tuscaloosa, AL
88%
Albany Great Danes Albany, NY
86%
Boise State Broncos Boise, ID
83%
Buffalo Bulls Buffalo, NY
83%
Auburn Tigers Auburn, AL
82%
Boston University Terriers Boston, MA
82%
Arkansas-Little Rock Trojans Little Rock, AR
80%
Arkansas-Pine Bluff Golden Lions Pine Bluff, AR
80%
Cincinnati Bearcats Cincinnati, OH
78%
Denver Pioneers Denver, CO
78%
Cal State Bakersfield Roadrunners Bakersfield, CA
77%
Bowling Green Falcons Bowling Green, OH
77%
Charleston Cougars Charleston, SC
77%
Chattanooga Mocs Chattanooga, TN
77%
Charlotte 49ers Charlotte, NC
76%
Detroit Mercy Titans Detroit, MI
76%
Arizona Sun Devils Tempe, AZ
76%
Baylor Bears Waco, TX
76%
Abilene Christian Wildcats Abilene, TX
75%
Colorado Buffaloes Boulder, CO
75%
Chicago State Cougars Chicago, IL
75%
Clemson Tigers Clemson, SC
75%
Cleveland State Vikings Cleveland, OH
75%
Dayton Flyers Dayton, OH
75%
Cal State Fullerton Titans Fullerton, CA
75%
Cal State Northridge Matadors Northridge, CA
75%
Arizona Wildcats Tucson, AZ
75%
Air Force Falcons Colorado Springs, CO
72%
Houston Cougars Houston, TX
72%
Fresno State Bulldogs Fresno, CA
71%
Florida Gators Gainesville, FL
71%
Houston Christian Huskies Houston, TX
71%
Jacksonville Dolphins Jacksonville, FL
71%
Arkansas Razorbacks Fayetteville, AR
70%
Green Bay Phoenix Green Bay, WI
70%
Jacksonville State Gamecocks Jacksonville, AL
70%
Milwaukee Panthers Milwaukee, WI
70%
BYU Cougars Provo, UT
70%
Florida State Seminoles Tallahassee, FL
70%
Michigan Wolverines Ann Arbor, MI
69%
Memphis Tigers Memphis, TN
69%
New Orleans Privateers New Orleans, LA
69%
Army Black Knights West Point, NY
69%
Georgia Bulldogs Athens, GA
68%
Duke Blue Devils Durham, NC
68%
Evansville Purple Aces Evansville, IN
68%
Hawaii Rainbow Warriors Honolulu, HI
68%
North Carolina Tar Heels Chapel Hill, NC
67%
Louisville Cardinals Louisville, KY
67%
Louisiana-Monroe Warhawks Monroe, LA
67%
Nebraska-Omaha Mavericks Omaha, NE
67%
American University Eagles Washington, D.C.
67%
Georgia Tech Yellow Jackets Atlanta, GA
66%
Indiana Hoosiers Bloomington, IN
66%
Ohio State Buckeyes Columbus, OH
66%
Kent State Golden Flashes Kent, OH
66%
Louisiana-Lafayette Ragin' Cajuns Lafayette, LA
66%
Nebraska Cornhuskers Lincoln, NE
66%
Richmond Spiders Richmond, VA
66%
Georgetown Hoyas Washington, D.C.
66%
LSU Tigers Baton Rouge, LA
65%
Illinois Fighting Illini Champaign, IL
65%
Hartford Hawks Hartford, CT
65%
Jackson State Tigers Jackson, MS
65%
Minnesota Golden Gophers Minneapolis, MN
65%
Seattle Redhawks Seattle, WA
65%
Syracuse Orange Syracuse, NY
65%
Toledo Rockets Toledo, OH
65%
Tulsa Golden Hurricane Tulsa, OK
65%
Pittsburgh Panthers Pittsburgh, PA
64%
Portland Pilots Portland, OR
64%
Portland State Vikings Portland, OR
64%
Providence Friars Providence, RI
64%
San Diego Toreros San Diego, CA
64%
San Diego State Aztecs San Diego, CA
64%
San Francisco Dons San Francisco, CA
64%
San Jose State Spartans San Jose, CA
64%
Texas Longhorns Austin, TX
63%
California Golden Bears Berkeley, CA
63%
Binghamton Bearcats Binghamton, NY
63%
UC Irvine Anteaters Irvine, CA
63%
Kentucky Wildcats Lexington, KY
63%
Long Beach State 49ers Long Beach, CA
63%
Texas-Arlington Mavericks Arlington, TX
62%
UAB Blazers Birmingham, AL
62%
Texas A&M-Corpus Christi Islanders Corpus Christi, TX
62%
UC Davis Aggies Davis, CA
62%
Michigan State Spartans East Lansing, MI
62%
Iowa Hawkeyes Iowa City, IA
62%
UCLA Bruins Los Angeles, CA
62%
Norfolk State Spartans Norfolk, VA
62%
Creighton Bluejays Omaha, NE
62%
UC Riverside Highlanders Riverside, CA
62%
Sacramento State Hornets Sacramento, CA
62%
UC San Diego Tritons San Diego, CA
62%
UC Santa Barbara Gauchos Santa Barbara, CA
62%
Santa Clara Broncos Santa Clara, CA
62%
Notre Dame Fighting Irish South Bend, IN
62%
George Washington Colonials Washington, D.C.
62%
Navy Midshipmen Annapolis, MD
61%
Hampton Pirates Hampton, VA
61%
Kansas Jayhawks Lawrence, KS
61%
Kansas State Wildcats Manhattan, KS
61%
Troy Trojans Troy, AL
61%
Iowa State Cyclones Ames, IA
60%
UNC Asheville Bulldogs Asheville, NC
60%
Davidson Wildcats Davidson, NC
60%
Oregon Ducks Eugene, OR
60%
UNC Greensboro Spartans Greensboro, NC
60%
Tulane Green Wave New Orleans, LA
60%
Oklahoma Sooners Norman, OK
60%
UNC Wilmington Seahawks Wilmington, NC
60%
Loyola (IL) Ramblers Chicago, IL
59%
Maryland Terrapins College Park, MD
59%
UTEP Miners El Paso, TX
59%
Kennesaw State Owls Kennesaw, GA
59%
Tennessee Volunteers Knoxville, TN
59%
USC Trojans Los Angeles, CA
59%
Tennessee-Martin Skyhawks Martin, TN
59%
UTSA Roadrunners San Antonio, TX
59%
Saint Louis Billikens St. Louis, MO
59%
New Mexico Lobos Albuquerque, NM
58%
Vanderbilt Commodores Nashville, TN
58%
Nevada Wolfpack Reno, NV
58%
Texas A&M Aggies College Station, TX
57%
Missouri Tigers Columbia, MO
57%
Fairfield Stags Fairfield, CT
57%
UNLV Rebels Las Vegas, NV
57%
UMass Lowell River Hawks Lowell, MA
57%
Temple Owls Philadelphia, PA
57%
South Carolina Gamecocks Columbia, SC
56%
IPFW Mastodons Fort Wayne, IN
56%
SIU-Edwardsville Cougars Edwardsville, IL
55%
Marquette Golden Flashes Milwaukee, WI
55%
Ole Miss Rebels Oxford, MS
55%
Oklahoma State Cowboys Stillwater, OK
55%
Towson Tigers Towson, MD
55%
High Point Panthers High Point, NC
54%
Texas Tech Red Raiders Lubbock, TX
54%
Wisconsin Badgers Madison, WI
54%
North Carolina State Wolfpack Raleigh, NC
54%
Penn State Nittany Lions State College, PA
54%
Delaware State Hornets Dover, DE
53%
Grand Canyon Antelopes Phoenix, AZ
53%
Princeton Tigers Princeton, NJ
53%
Gonzaga Bulldogs Spokane, WA
53%
Georgia State Panthers Atlanta, GA
52%
Appalachian State Mountaineers Boone, NC
52%
Miami Hurricanes Coral Gables, FL
52%
IUPUI Jaguars Indianapolis, IN
52%
Washington Huskies Seattle, WA
52%
Harvard Crimson Cambridge, MA
51%
DePaul Blue Demons Chicago, IL
51%
Utah Utes Salt Lake City, UT
51%
South Florida Bulls Tampa, FL
51%
UMKC Kangaroos Kansas City, MO
50%
Columbia Lions Manhattan, NY
50%
Connecticut Huskies Storrs, CT
50%
Wichita State Shockers Wichita, KS
50%
Texas A&M-Commerce Lions Commerce, TX
49%
Elon Phoenix Elon, NC
49%
Colorado State Rams Fort Collins, CO
49%
TCU Horned Frogs Fort Worth, TX
49%
Stanford Cardinal Palo Alto, CA
49%
Penn Quakers Philadelphia, PA
49%
Purdue Boilermakers West Lafayette, IN
49%
Grambling State Tigers Grambling, LA
48%
Virginia Tech Hokies Blacksburg, VA
47%
Oregon State Beavers Corvallis, OR
47%
Butler Bulldogs Indianapolis, IN
47%
Ball State Cardinals Muncie, IN
47%
Youngstown State Penguins Youngstown, OH
47%
Virginia Cavaliers Charlottesville, VA
46%
Boston College Eagles Chestnut Hill, MA
46%
SMU Mustangs Dallas, TX
46%
Morehead State Eagles Morehead, KY
46%
West Virginia Mountaineers Morgantown, WV
46%
Murray State Racers Murray, KY
46%
UCF Knights Orlando, FL
46%
Rutgers Scarlet Knights Piscataway, NJ
46%
Mississippi State Bulldogs Starkville, MS
46%
Howard Bison Washington, D.C.
45%
St. John's Red Storm Queens, NY
44%
Stony Brook Seawolves Stony Brook, NY
44%
UIC Flames Chicago, IL
43%
Drake Bulldogs Des Moines, IA
43%
Northwestern Wildcats Evanston, IL
43%
Rice Owls Houston, TX
43%
Florida International Panthers Miami, FL
43%
Brown Bears Providence, RI
42%
Florida Atlantic Owls Boca Raton, FL
41%
North Dakota State Bison Fargo, ND
41%
Marshall Thundering Herd Huntington, WV
41%
Alabama State Hornets Montgomery, AL
41%
Valparaiso Beacons Valparaiso, IN
41%
Wake Forest Demon Deacons Winston-Salem, NC
41%
St. Francis Brooklyn Terriers Brooklyn Heights, NY
40%
Radford Highlanders Radford, VA
39%
UMass Minutemen Amherst, MA
38%
Coastal Carolina Chanticleers Conway, SC
38%
New Mexico State Aggies Las Cruces, NM
38%
South Alabama Jaguars Mobile, AL
38%
Idaho Vandals Moscow, ID
38%
Drexel Dragons Philadelphia, PA
38%
Duquesne Dukes Pittsburgh, PA
38%
Eastern Michigan Eagles Ypsilanti, MI
38%
Northern Arizona Lumberjacks Flagstaff, AZ
37%
Wyoming Cowboys Laramie, WY
37%
Montana Grizzlies Missoula, MT
37%
Villanova Wildcats Villanova, PA
37%
Loyola (MD) Greyhounds Baltimore, MD
36%
Xavier Musketeers Cincinnati, OH
36%
North Texas Mean Green Denton, TX
36%
East Carolina Pirates Greenville, NC
36%
Arkansas State Red Wolves Jonesboro, AR
36%
Prairie View A&M Panthers Prairie View, TX
36%
Northeastern Huskies Boston, MA
35%
Cornell Big Red Ithaca, NY
35%
Belmont Bruins Nashville, TN
35%
Florida A&M Rattlers Tallahassee, FL
35%
Oral Roberts Golden Eagles Tulsa, OK
35%
Middle Tennessee Blue Raiders Murfreesboro, TN
34%
Indiana State Sycamores Terre Haute, IN
34%
Montana State Bobcats Bozeman, MT
33%
Southern Miss Golden Eagles Hattiesburg, MS
33%
Delaware Fightin' Blue Hens Newark, DE
33%
Louisiana Tech Bulldogs Ruston, LA
33%
Cal Poly Mustangs San Luis Obispo, CA
33%
St. Thomas Tommies St. Paul, MN
33%
Pepperdine Waves Malibu, CA
32%
La Salle Explorers Philadelphia, PA
32%
Washington State Cougars Pullman, WA
32%
Citadel Bulldogs Charleston, SC
31%
George Mason Patriots Fairfax, VA
31%
Central Michigan Chippewas Mount Pleasant, MI
31%
Yale Bulldogs New Haven, CT
31%
Miami (Ohio) RedHawks Oxford, OH
31%
Saint Joseph's Hawks Philadelphia, PA
31%
Georgia Southern Eagles Statesboro, GA
31%
Florida Gulf Coast Eagles Fort Myers, FL
30%
Bellarmine Knights Louisville, KY
30%
Vermont Catamounts Burlington, VT
29%
Austin Peay Governors Clarksville, TN
29%
Dartmouth Big Green Hanover, NH
29%
Western Michigan Broncos Kalamazoo, MI
29%
Maine Black Bears Orono, ME
29%
VCU Rames Richmond, VA
29%
Ohio Bobcats Athens, OH
28%
Bethune-Cookman Wildcats Daytona Beach, FL
28%
North Florida Ospreys Jacksonville, FL
28%
Liberty Flames Lynchburg, VA
28%
Old Dominion Monarchs Norfolk, VA
28%
Idaho State Bengals Pocatello, ID
28%
Fordham Rams Bronx, NY
27%
Northern Illinois Huskies DeKalb, IL
27%
Loyola Marymount Lions Los Angeles, CA
27%
Charleston Southern Buccaneers North Charleston, SC
27%
St. Bonaventure Bonnies St. Bonaventure, NY
27%
Bradley Braves Peoria, IL
26%
Central Arkansas Bears Conway, AR
25%
James Madison Dukes Harrisonburg, VA
25%
East Tennessee State Buccaneers Johnson City, TN
25%
Mercer Bears Macon, GA
25%
Texas State Bobcats San Marcos, TX
25%
Missouri State Bears Springfield, MO
25%
Coppin State Eagles Baltimore, MD
24%
McNeese State Cowboys Lake Charles, LA
24%
Utah State Aggies Logan, UT
24%
Tennessee State Tigers Nashville, TN
24%
Morgan State Bears Baltimore, MD
22%
Southern Jaguars Baton Rouge, LA
22%
Western Kentucky Hilltoppers Bowling Green, KY
22%
Eastern Washington Eagles Cheney, WA
22%
Lipscomb Bisons Nashville, TN
22%
Illinois State Redbirds Normal, IL
22%
Incarnate Word Cardinals San Antonio, TX
22%
South Carolina Upstate Spartans Spartanburg, SC
22%
Lindenwood Lions St. Charles, MO
22%
Queens Royals Charlotte, NC
21%
North Dakota Fighting Hawks Grand Forks, ND
21%
Furman Paladins Greenville, SC
21%
Eastern Kentucky Colonels Richmond, KY
21%
California Baptist Lancers Riverside, CA
21%
South Dakota Coyotes Vermillion, SD
21%
South Dakota State Jackrabbits Brookings, SD
20%
Canisius Golden Griffins Buffalo, NY
20%
Campbell Fighting Camels Buies Creek, NC
20%
SE Missouri State Redhawks Cape Girardeau, MO
20%
Southern Illinois Salukis Carbondale, IL
20%
Stetson Hatters DeLand, FL
20%
Northern Colorado Bears Greeley, CO
20%
Mississippi Valley State Delta Devils Itta Bena, MS
20%
NJIT Highlanders Newark, NJ
20%
Alabama A&M Bulldogs Normal, AL
20%
South Carolina State Bulldogs Orangeburg, SC
20%
Seton Hall Pirates South Orange, NJ
20%
LIU Blackbirds Brooklyn, NY
19%
New Hampshire Wildcats Durham, NH
19%
Iona Gaels New Rochelle, NY
19%
Marist Red Foxes Poughkeepsie, NY
19%
Gardner-Webb Runnin' Bulldogs Boiling Springs, NC
18%
Northern Iowa Panthers Cedar Falls, IA
18%
North Carolina A&T Aggies Greensboro, NC
18%
Bryant Bulldogs Smithfield, RI
18%
William & Mary Tribe Williamsburg, VA
18%
Lamar Cardinals Beaumont, TX
17%
Lehigh Mountain Hawks Bethlehem, PA
17%
Lafayette Leopards Easton, PA
17%
Texas-Rio Grande Valley Vaqueros Edinburg, TX
17%
North Alabama Lions Florence, AL
17%
Colgate Raiders Hamilton, NY
17%
Texas Southern Tigers Houston, TX
17%
Rhode Island Rams Kingston, RI
17%
Alcorn State Braves Lorman, MS
17%
Stephen F. Austin Lumberjacks Nacogdoches, TX
17%
Northwestern State Demons Natchitoches, LA
17%
Oakland Golden Grizzlies Rochester, MI
17%
Pacific Tigers Stockton, CA
17%
Holy Cross Crusaders Worcester, MA
17%
Northern Kentucky Norse Highland Heights, KY
16%
Saint Mary's Gaels Moraga, CA
16%
Nicholls State Colonels Thibodaux, LA
16%
Saint Peter's Peacocks Jersey City, NJ
15%
Eastern Illinois Panthers Charleston, IL
14%
Southern Indiana Screaming Eagles Evansville, IN
14%
Southeastern Louisiana Lions Hammond, LA
14%
Bucknell Bison Lewisburg, PA
14%
Weber State Wildcats Ogden, UT
14%
Wofford Terriers Spartanburg, SC
14%
Wagner Seahawks Staten Island, NY
14%
Tarleton State Texans Stephenville, TX
14%
Utah Tech Trailblazers St. George, UT
14%
North Carolina Central Eagles Durham, NC
13%
Sacred Heart Pioneers Fairfield, CT
13%
Longwood Lancers Farmville, VA
13%
Hofstra Pride Hempstead, NY
13%
Samford Bulldogs Homewood, AL
13%
Utah Valley Wolverines Orem, UT
13%
Manhattan Jaspers Riverdale, NY
13%
Wright State Raiders Fairborn, OH
12%
Sam Houston State Bearkats Huntsville, TX
12%
Winthrop Eagles Rock Hill, SC
12%
Fairleigh Dickinson Knights Teaneck, NJ
12%
Presbyterian Blue Hose Clinton, SC
11%
VMI Keydets Lexington, VA
11%
Central Connecticut State Blue Devils New Britain, CT
11%
UMBC Retrievers Catonsville, MD
10%
Southern Utah Thunderbirds Cedar City, UT
10%
Tennessee Tech Golden Eagles Cookeville, TN
10%
Western Carolina Catamounts Cullowhee, NC
10%
Robert Morris Colonials Moon Township, PA
10%
Mount St. Mary's Mountaineers Emmitsburg, MD
9%
Merrimack Warriors North Andover, MA
9%
Monmouth Hawks West Long Branch, NJ
9%
Western Illinois Leathernecks Macomb, IL
8%
St. Francis (PA) Red Flash Loretto, PA
7%
Maryland Eastern Shore Hawks Princess Anne, MD
7%
Le Moyne Dolphins DeWitt, NY
6%
Quinnipiac Bobcats Hamden, CT
6%
Siena Saints Loudonville, NY
5%
Rider Broncs Lawrenceville, NJ
4%
Niagara Purple Eagles Lewiston, NY
4%
Stonehill Skyhawks North Easton, MA
3%
No matching quizzes found
Score Distribution
Percent of People with Each Score
Percentile by Number Answered
Your Score History
You have not taken this quiz since the last reset